[Event "Leiden LCT op-A 5th"]
[Site "Leiden"]
[Date "2011.07.16"]
[Round "8"]
[White "Polak, Tomas"]
[Black "Wilschut, Peter"]
[Result "1-0"]
[WhiteElo "2540"]
[BlackElo "2206"]
[PlyCount "69"]
[EventDate "2011.07.08"]
[EventType "swiss"]
[EventRounds "9"]
[EventCountry "NED"]
[SourceTitle "CBM 143 Extra"]
[Source "ChessBase"]
[SourceDate "2011.08.29"]
[SourceVersion "1"]
[SourceVersionDate "2011.08.29"]
[SourceQuality "1"]

1. d4 d5 2. c4 c6 3. Nc3 Nf6 4. e3 a6 5. Bd2 b5 6. c5 a5 7. Qc2 Qc7 8. f4 g6 9. Bd3 b4 10. Na4 Nbd7 11. a3 Rb8 12. axb4 axb4 13. b3 Bg7 14. Nf3 Ne4 15. 0-0 Nxd2 16. Nxd2 0-0 17. Ra2 Nf6 18. h3 Ra8 19. Rfa1 Nh5 20. Nf3 Ng3 21. Nb6 Rxa2 22. Qxa2 Bf5 23. Bxf5 Nxf5 24. Kf2 e5 25. dxe5 Qe7 26. Qd2 Rd8 27. g4 Nh4 28. Qxb4 Nxf3 29. Kxf3 f6 30. exf6 Qxf6 31. Ra7 Qh4 32. Kg2 Re8 33. Ra8 Qe7 34. Rxe8+ Qxe8 35. Kf3 1-0

[Event "Leiden LCT op-A 5th"]
[Site "Leiden"]
[Date "2011.07.09"]
[Round "2"]
[White "Tiviakov, Sergei"]
[Black "Wilschut, Peter"]
[Result "1-0"]
[WhiteElo "2623"]
[BlackElo "2206"]
[PlyCount "55"]
[EventDate "2011.07.08"]
[EventType "swiss"]
[EventRounds "9"]
[EventCountry "NED"]
[SourceTitle "CBM 143 Extra"]
[Source "ChessBase"]
[SourceDate "2011.08.29"]
[SourceVersion "1"]
[SourceVersionDate "2011.08.29"]
[SourceQuality "1"]

1. e4 e6 2. d4 d5 3. Nd2 dxe4 4. Nxe4 Nd7 5. Nf3 Ngf6 6. Nxf6+ Nxf6 7. Bd3 Be7 8. 0-0 0-0 9. Qe2 b6 10. Bf4 Bb7 11. Rad1 Bxf3 12. Qxf3 Qd5 13. Bxc7 Qxf3 14. gxf3 Nd5 15. Bg3 Rac8 16. c3 Bg5 17. Rfe1 Rfe8 18. Ba6 Rcd8 19. Bb5 Rf8 20. a4 g6 21. a5 h5 22. c4 Nb4 23. axb6 Nc2 24. b7 Nxe1 25. Rxe1 Bf6 26. c5 Bxd4 27. c6 Bb6 28. c7 1-0

[Event "Maastricht Limburg op-A 5th"]
[Site "Maastricht"]
[Date "2011.06.13"]
[Round "3"]
[White "Perrenet, Jacob"]
[Black "Wilschut, Peter"]
[Result "1/2-1/2"]
[WhiteElo "2059"]
[BlackElo "2214"]
[PlyCount "105"]
[EventDate "2011.06.10"]
[EventType "swiss"]
[EventRounds "7"]
[EventCountry "NED"]
[SourceTitle "CBM 142 Extra"]
[Source "ChessBase"]
[SourceDate "2011.06.27"]
[SourceVersion "1"]
[SourceVersionDate "2011.06.27"]
[SourceQuality "1"]

1. Nc3 d5 2. e4 e6 3. Bd3 Nf6 4. e5 Nfd7 5. f4 Nc5 6. Qf3 Nxd3+ 7. Qxd3 Nc6 8. a3 g5 9. Nf3 gxf4 10. Qe2 Be7 11. d3 Bh4+ 12. Kd1 Bg5 13. g3 Bh6 14. Bxf4 Bxf4 15. gxf4 Qe7 16. Kd2 Bd7 17. Rhg1 0-0-0 18. Rg2 Qf8 19. Rag1 Ne7 20. Nd4 Kb8 21. b4 Qh6 22. Qe3 Ng6 23. Nce2 Rhf8 24. Rg3 f6 25. Rh3 Qg7 26. Rh5 fxe5 27. Rxe5 Qh6 28. Nxe6 Bxe6 29. Rxe6 Qxh2 30. Rf1 Qg2 31. Rf2 Qg4 32. f5 Nh4 33. f6 d4 34. Qe4 Qg5+ 35. Ke1 Ng6 36. f7 Qb5 37. Rf5 Qd7 38. Ref6 a6 39. Kd2 Ne7 40. Rh5 Nd5 41. Rfh6 Nc3 42. Nxc3 dxc3+ 43. Kxc3 Qxf7 44. Rxh7 Qa2 45. Qc4 Qxa3+ 46. Kd2 c5 47. Qxc5 Rxd3+ 48. cxd3 Qb2+ 49. Ke3 Qf2+ 50. Ke4 Qf4+ 51. Kd5 Rf5+ 52. Rxf5 Qxf5+ 53. Kc4 1/2-1/2

[Event "Maastricht Limburg op-A 5th"]
[Site "Maastricht"]
[Date "2011.06.13"]
[Round "6"]
[White "Wilschut, Peter"]
[Black "Goudriaan, Etienne"]
[Result "1/2-1/2"]
[WhiteElo "2214"]
[BlackElo "2307"]
[PlyCount "120"]
[EventDate "2011.06.10"]
[EventType "swiss"]
[EventRounds "7"]
[EventCountry "NED"]
[SourceTitle "CBM 142 Extra"]
[Source "ChessBase"]
[SourceDate "2011.06.27"]
[SourceVersion "1"]
[SourceVersionDate "2011.06.27"]
[SourceQuality "1"]

1. e4 c5 2. Nf3 d6 3. c3 Nf6 4. h3 g6 5. Bd3 Bg7 6. 0-0 0-0 7. Bc2 Nc6 8. d4 cxd4 9. cxd4 e5 10. Nc3 exd4 11. Nxd4 Nxd4 12. Qxd4 Be6 13. Qb4 d5 14. Rd1 Qc7 15. Bb3 a5 16. Qb5 dxe4 17. Bxe6 fxe6 18. Bg5 a4 19. Bxf6 Rxf6 20. Rd7 Qc6 21. Qxb7 Qxb7 22. Rxb7 Rf7 23. Rxf7 Kxf7 24. a3 Bxc3 25. bxc3 Rc8 26. Rc1 Kf6 27. Kf1 Ke5 28. Ke2 Kd5 29. Kd2 Rb8 30. Kc2 Rf8 31. Rd1+ Kc5 32. Rd2 h5 33. Re2 Rf4 34. g3 Rf3 35. Rxe4 Rxf2+ 36. Kd1 Rf3 37. g4 Rxc3 38. gxh5 gxh5 39. Rxe6 Rxh3 40. Re4 Rxa3 41. Rh4 Rd3+ 42. Kc2 Rd5 43. Rxa4 Kd6 44. Re4 Rg5 45. Kd3 Kd5 46. Re8 Rg7 47. Rh8 Rg3+ 48. Ke2 Rh3 49. Kf2 Ke4 50. Kg2 Rh4 51. Kg3 Rh1 52. Kg2 Rh4 53. Kg3 Rg4+ 54. Kh3 Rg5 55. Re8+ Kf5 56. Rf8+ Ke6 57. Kh4 Rb5 58. Rf1 Re5 59. Rf8 Ke7 60. Rh8 Re1 1/2-1/2